OGILVY ON ADVERTISING (Record no. 22878)
[ view plain ]
| 000 -LEADER | |
|---|---|
| fixed length control field | 00282nam a2200121Ia 4500 |
| 008 - FIXED-LENGTH DATA ELEMENTS--GENERAL INFORMATION | |
| fixed length control field | 240624s9999 xx 000 0 und d |
| 041 ## - LANGUAGE CODE | |
| Language code of text/sound track or separate title | eng |
| 082 ## - DEWEY DECIMAL CLASSIFICATION NUMBER | |
| Classification number | 659.1 OGI |
| 100 ## - MAIN ENTRY--PERSONAL NAME | |
| Personal name | OGILVY DAVID |
| 245 ## - TITLE STATEMENT | |
| Title | OGILVY ON ADVERTISING |
| 260 ## - PUBLICATION, DISTRIBUTION, ETC. | |
| Place of publication, distribution, etc. | New York |
| Name of publisher, distributor, etc. | Carlton Books |
| 365 ## - TRADE PRICE | |
| Currency code | |
| Price amount | 26 |
| Withdrawn status | Lost status | Damaged status | Not for loan | Home library | Current library | Shelving location | Date acquired | Source of acquisition | Cost, normal purchase price | Full call number | Barcode | Date last seen | Copy number | Price effective from | Koha item type |
|---|---|---|---|---|---|---|---|---|---|---|---|---|---|---|---|
| IMTN | IMTN | Rack 35-B | 07/28/2014 | VBC | 27.50 | 659.1 OGI | 22878 | 06/24/2024 | 63 | 06/24/2024 | Books |